Navigation Systems :P/66-B-2/015c (Record no. 12948)

MARC details
000 -LEADER
fixed length control field 00318nam a2200121Ia 4500
008 - FIXED-LENGTH DATA ELEMENTS--GENERAL INFORMATION
fixed length control field 230312s9999||||xx |||||||||||||| ||und||
082 ## - DEWEY DECIMAL CLASSIFICATION NUMBER
Classification number 629.132
Item number NAV-A
100 ## - MAIN ENTRY--PERSONAL NAME
Personal name M.Haufe
245 #0 - TITLE STATEMENT
Title Navigation Systems :P/66-B-2/015c
260 ## - PUBLICATION, DISTRIBUTION, ETC.
Name of publisher, distributor, etc. Perth College
Date of publication, distribution, etc. 2006
650 ## - SUBJECT ADDED ENTRY--TOPICAL TERM
Topical term or geographic name entry element Aviation
Form subdivision Engineering/Technology
942 ## - ADDED ENTRY ELEMENTS (KOHA)
Koha item type BOOK
Holdings
Withdrawn status Lost status Source of classification or shelving scheme Damaged status Not for loan Home library Current library Date acquired Total Checkouts Full call number Barcode Date last seen Price effective from Koha item type
    Dewey Decimal Classification     Superior Information Resource Center (SIRC) Superior University- Main Campus Superior Information Resource Center (SIRC) Superior University- Main Campus 03/13/2023   629.132 NAV-A 13080 03/13/2023 03/13/2023 BOOK

Powered by Koha